Quản trị tài chính doanh nghiệp

Những vấn đề căn bản của tài chính doanh nghiệp. Ngân sách của doanh nghiệp. Cơ cấu tài chính và chính sách phân chia lợi tức. Dự báo và phân tích tài chính. Quản trị vốn lưu động. Các nguồn tài trợ dài hạn...

全面介紹

Đã lưu trong:
書目詳細資料
主要作者: Nguyễn, Hải Sản
格式: 圖書
語言:Undetermined
出版: Hà Nội Thống kê 2001
主題:
標簽: 添加標簽
沒有標簽, 成為第一個標記此記錄!
Thư viện lưu trữ: Trung tâm Học liệu Trường Đại học Cần Thơ
LEADER 00910nam a2200205Ia 4500
001 CTU_48824
008 210402s9999 xx 000 0 und d
020 |b 56.000đ 
082 |a 658.1511 
082 |b S105 
100 |a Nguyễn, Hải Sản 
245 0 |a Quản trị tài chính doanh nghiệp 
245 0 |c Nguyễn Hải Sản 
260 |a Hà Nội 
260 |b Thống kê 
260 |c 2001 
520 |a Những vấn đề căn bản của tài chính doanh nghiệp. Ngân sách của doanh nghiệp. Cơ cấu tài chính và chính sách phân chia lợi tức. Dự báo và phân tích tài chính. Quản trị vốn lưu động. Các nguồn tài trợ dài hạn 
650 |a Managerial accounting 
904 |i Nguyễn Quang Điền, Qhieu đã sửa 
980 |a Trung tâm Học liệu Trường Đại học Cần Thơ